Central Library OPAC University of Rajshahi

Die innere Geometrie der konvexen Flächen / (Record no. 70718)

MARC details
000 -LEADER
fixed length control field 00776nam a2200229 a 4500
001 - CONTROL NUMBER
control field 70718
003 - CONTROL NUMBER IDENTIFIER
rucl marc code BD-RjUL
005 - DATE AND TIME OF LATEST TRANSACTION
control field 20211209082031.0
008 - FIXED-LENGTH DATA ELEMENTS--GENERAL INFORMATION
fixed length control field 170419s1955 gw 000 0 ger
035 ## - SYSTEM CONTROL NUMBER
System control number (BD-RjUL)70932
040 ## - CATALOGING SOURCE
Original cataloging agency DLC
Transcribing agency CarP
Modifying agency DLC
-- BD-RjUL
Language of cataloging eng
041 1# - LANGUAGE CODE
Language code of text/sound track or separate title ger
Language code of original rus
082 ## - DEWEY DECIMAL CLASSIFICATION NUMBER
Edition number 23
Classification number 516
Author mark and year ALD 1955
100 1# - MAIN ENTRY--PERSONAL NAME
Personal name Aleksandrov, A. D.
Fuller form of name (Aleksandr Danilovich),
Dates associated with a name 1912-1999.
9 (RLIN) 209324
245 04 - TITLE STATEMENT
Title Die innere Geometrie der konvexen Flächen /
Statement of responsibility, etc. A. D. Aleksandrov.
260 ## - PUBLICATION, DISTRIBUTION, ETC. (IMPRINT)
Place of publication, distribution, etc. Berlin :
Name of publisher, distributor, etc. Akademie-Verlag,
Date of publication, distribution, etc. 1955.
300 ## - PHYSICAL DESCRIPTION
Pagination xvii, 522 p. ;
Size 25 cm.
490 ## - SERIES STATEMENT
Series statement Mathematische Lehrbücher und Monographien.
Volume/sequential designation Bd. 4.
650 #0 - SUBJECT ADDED ENTRY--TOPICAL TERM
Topical term or geographic name as entry element Geometry, Differential.
9 (RLIN) 151308
830 #0 - SERIES ADDED ENTRY--UNIFORM TITLE
Uniform title Mathematische Lehrbücher und Monographien.
Volume number/sequential designation Bd. 4.
942 ## - ADDED ENTRY ELEMENTS (KOHA)
Source of classification or shelving scheme Dewey Decimal Classification
Koha item type Books
Holdings
Lost status Source of classification or shelving scheme Damaged status Not for loan Collection code Permanent Location Current Location Shelving location Date acquired Source of acquisition Cost, normal purchase price Total Checkouts Full call number Date last seen Copy number Koha item type
  Dewey Decimal Classification   Not For Loan Non-fiction Central Library, University of Rajshahi Central Library, University of Rajshahi Reading Room 06/12/1967 Dacca, Abdullah Al Mahmud 34.00   516 ALD 1955 19/04/2017 C-1 Books